[Event "GBR-ch111 Major Open"]
[Site "Liverpool"]
[Date "2025.08.10"]
[Round "9.11"]
[White "Gunatilake, Vinuda"]
[Black "Raju, Sooraj Menothuparam"]
[Result "1-0"]
[WhiteElo "1851"]
[BlackElo "2119"]
[PlyCount "63"]
[EventDate "2025.08.02"]
[EventType "swiss"]
[EventRounds "9"]
[EventCountry "GBR"]
[SourceTitle "BritBase"]
[Source "John Saunders"]
[SourceDate "2025.08.11"]
[SourceVersion "1"]
[SourceVersionDate "2025.08.11"]
[SourceQuality "1"]

1. d4 d6 2. e4 Nf6 3. Nc3 Nbd7 4. f4 e5 5. Nf3 exd4 6. Qxd4 c6 7. Be3 d5 8. exd5 Bc5 9. Qd3 O-O 10. O-O-O Re8 11. Bxc5 Nxc5 12. Qd4 Nce4 13. dxc6 Qa5 14. Ne5 Nxc3 15. Qxc3 Qxa2 16. b4 Ne4 17. Qb2 Qxb2+ 18. Kxb2 bxc6 19. Bc4 Be6 20. Rd4 Nf6 21. Nxc6 Bxc4 22. Rxc4 Re2 23. g3 h5 24. Ra1 Rxh2 25. b5 Nd5 26. Rxa7 Re8 27. Rc5 Nb6 28. Ne5 Rg2 29. Nxf7 Re4 30. Ng5 Re8 31. Rcc7 Ree2 32. Ra8+ 1-0

[Event "GBR-ch111 Major Open"]
[Site "Liverpool"]
[Date "2025.08.10"]
[Round "9.12"]
[White "Thomas, James"]
[Black "Peart, Alan"]
[Result "1-0"]
[WhiteElo "1882"]
[BlackElo "2065"]
[PlyCount "155"]
[EventDate "2025.08.02"]
[EventType "swiss"]
[EventRounds "9"]
[EventCountry "GBR"]
[SourceTitle "BritBase"]
[Source "John Saunders"]
[SourceDate "2025.08.11"]
[SourceVersion "1"]
[SourceVersionDate "2025.08.11"]
[SourceQuality "1"]

1. Nf3 f5 2. g3 Nf6 3. Bg2 d6 4. d4 e6 5. O-O Be7 6. c4 O-O 7. Nc3 Ne4 8. Qd3 Nxc3 9. bxc3 Na6 10. a4 Qe8 11. Re1 Bd7 12. Nd2 Rb8 13. Rb1 Bc6 14. e4 f4 15. Nf3 fxg3 16. hxg3 Qh5 17. Ba3 Bxa4 18. e5 Be8 19. exd6 cxd6 20. Qe4 Nc7 21. Rxb7 d5 22. cxd5 Bg6 23. Qe2 Rxb7 24. Bxe7 Re8 25. d6 Nd5 26. d7 Nxe7 27. dxe8=Q+ Bxe8 28. Qxe6+ Bf7 29. Qd6 Qd5 30. Qa3 Qd8 31. Ne5 Bd5 32. Bxd5+ Qxd5 33. Qa4 h6 34. Nd3 Kh7 35. Nf4 Qf5 36. Qc4 a5 37. Qa6 Rb1 38. Qe2 Rxe1+ 39. Qxe1 Nc6 40. Qd1 Kg8 41. d5 Ne5 42. Qa4 Kf7 43. Kg2 g5 44. Ne6 Qf3+ 45. Kg1 Qxc3 46. Qe4 Nf3+ 47. Kg2 Ne1+ 48. Kg1 Nf3+ 49. Kg2 Ne1+ 50. Kh3 Kf6 51. Nd4 Nd3 52. Qe6+ Kg7 53. Nf5+ Kf8 54. Qxh6+ Ke8 55. Qe6+ Kf8 56. Qe7+ Kg8 57. Qxg5+ Kf8 58. Qe7+ Kg8 59. Qe8+ Kh7 60. Qf7+ Kh8 61. Nh6 Qc8+ 62. Kg2 Ne1+ 63. Kf1 Nc2 64. Nf5 Qc3 65. Qf8+ Kh7 66. Qh6+ Kg8 67. Ne7+ Kf7 68. Qe6+ Kf8 69. d6 Qa1+ 70. Kg2 Ne1+ 71. Kh3 Qh8+ 72. Kg4 Qd4+ 73. Kh3 Qh8+ 74. Kg4 Qd4+ 75. Kh5 Qd1+ 76. Kg6 Qb1+ 77. Nf5 Qb7 78. d7 1-0

[Event "GBR-ch111 Major Open"]
[Site "Liverpool"]
[Date "2025.08.10"]
[Round "9.13"]
[White "Potter, John M"]
[Black "Amoako, Selikem PJ"]
[Result "1-0"]
[WhiteElo "2015"]
[BlackElo "1948"]
[PlyCount "81"]
[EventDate "2025.08.02"]
[EventType "swiss"]
[EventRounds "9"]
[EventCountry "GBR"]
[SourceTitle "BritBase"]
[Source "John Saunders"]
[SourceDate "2025.08.11"]
[SourceVersion "1"]
[SourceVersionDate "2025.08.11"]
[SourceQuality "1"]

1. e4 c5 2. Nf3 Nc6 3. b4 cxb4 4. d4 d5 5. exd5 Qxd5 6. c4 bxc3 7. Nxc3 Qd8 8. d5 Nb8 9. Bc4 Nf6 10. O-O g6 11. Re1 Bg7 12. Ba3 Bf8 13. Nb5 e6 14. d6 Na6 15. Ne5 Bd7 16. Qf3 Bg7 17. Qxb7 Qc8 18. Qxa6 O-O 19. Nc7 Rb8 20. Qxc8 Rfxc8 21. Ba6 Rd8 22. Rab1 Ba4 23. Rb4 Rxb4 24. Bxb4 Bf8 25. Nc4 h5 26. f3 Bh6 27. Kf2 Rb8 28. a3 Rd8 29. Na5 Rb8 30. Bb7 Bc2 31. Na6 Re8 32. Nc5 Rd8 33. Nc4 Nd5 34. Bxd5 exd5 35. d7 Bg5 36. Re8+ Kh7 37. Rxd8 Bxd8 38. Ne3 Bb1 39. Nxd5 a5 40. Bc3 Ba2 41. Bf6 1-0

[Event "GBR-ch111 Major Open"]
[Site "Liverpool"]
[Date "2025.08.10"]
[Round "9.14"]
[White "Dissanayake, Sathsara"]
[Black "Green, Michael"]
[Result "0-1"]
[WhiteElo "1733"]
[BlackElo "2009"]
[PlyCount "106"]
[EventDate "2025.08.02"]
[EventType "swiss"]
[EventRounds "9"]
[EventCountry "GBR"]
[SourceTitle "BritBase"]
[Source "John Saunders"]
[SourceDate "2025.08.11"]
[SourceVersion "1"]
[SourceVersionDate "2025.08.11"]
[SourceQuality "1"]

1. e4 c6 2. d4 d5 3. exd5 cxd5 4. Nf3 Nc6 5. c3 a6 6. Bd3 Bg4 7. O-O e6 8. Bf4 Bd6 9. Bxd6 Qxd6 10. Nbd2 Nf6 11. a4 O-O 12. Qb3 Rab8 13. Qa3 Qxa3 14. Rxa3 Bxf3 15. Nxf3 Rfc8 16. a5 Rc7 17. Re1 Ne8 18. h3 h6 19. Nd2 b6 20. axb6 Rxb6 21. Nb3 Nb8 22. Re2 Nd7 23. Nc1 Nb8 24. Nb3 Nd7 25. Nc1 Ra7 26. b4 Rc7 27. Bxa6 Rbc6 28. Rc2 Nd6 29. Nd3 Ra7 30. Rca2 Nb8 31. Nc5 Nxa6 32. Rxa6 Raxa6 33. Rxa6 Rxa6 34. Nxa6 Nb5 35. Kf1 Nxc3 36. Nc7 Kf8 37. b5 Ke7 38. b6 Kd7 39. Ne8 Kc6 40. b7 Kxb7 41. Nd6+ Kc7 42. Nxf7 Nb5 43. g4 Nxd4 44. f4 Nc6 45. h4 Kd7 46. g5 h5 47. Kf2 Nd4 48. Ne5+ Kd6 49. Nf7+ Ke7 50. Ne5 Nf5 51. Ng6+ Kd6 52. Ke2 d4 53. Kd3 Kd5 0-1

[Event "GBR-ch111 Major Open"]
[Site "Liverpool"]
[Date "2025.08.10"]
[Round "9.15"]
[White "Pick, Freddie"]
[Black "Patton, Zachary"]
[Result "1/2-1/2"]
[WhiteElo "1978"]
[BlackElo "1899"]
[PlyCount "49"]
[EventDate "2025.08.02"]
[EventType "swiss"]
[EventRounds "9"]
[EventCountry "GBR"]
[SourceTitle "BritBase"]
[Source "John Saunders"]
[SourceDate "2025.08.11"]
[SourceVersion "1"]
[SourceVersionDate "2025.08.11"]
[SourceQuality "1"]

1. e4 c5 2. Nf3 Nc6 3. d4 cxd4 4. Nxd4 Nf6 5. Nc3 e5 6. Ndb5 d6 7. Bg5 a6 8. Na3 b5 9. Nd5 Be7 10. Bxf6 Bxf6 11. c3 Bg5 12. Nc2 O-O 13. a4 bxa4 14. Rxa4 a5 15. Bc4 Rb8 16. b3 Kh8 17. Nce3 Ne7 18. Nxe7 Qxe7 19. Nd5 Qd8 20. O-O Be6 21. Qa1 Bxd5 22. Bxd5 Rb5 23. Bc4 Rc5 24. Rd1 f5 25. Bd5 1/2-1/2

[Event "GBR-ch111 Major Open"]
[Site "Liverpool"]
[Date "2025.08.10"]
[Round "9.16"]
[White "Davis, Colin J"]
[Black "Jayar, Om Reddy"]
[Result "1-0"]
[WhiteElo "1955"]
[BlackElo "1686"]
[PlyCount "39"]
[EventDate "2025.08.02"]
[EventType "swiss"]
[EventRounds "9"]
[EventCountry "GBR"]
[SourceTitle "BritBase"]
[Source "John Saunders"]
[SourceDate "2025.08.11"]
[SourceVersion "1"]
[SourceVersionDate "2025.08.11"]
[SourceQuality "1"]

1. Nf3 d5 2. e3 Nf6 3. c4 c6 4. Nc3 e6 5. b3 Bd6 6. Qc2 O-O 7. Bb2 e5 8. cxd5 cxd5 9. Nb5 Nc6 10. Nxd6 Qxd6 11. Rc1 Bg4 12. h3 Bh5 13. Bb5 Rac8 14. Nxe5 Ne7 15. Qb1 Qb4 16. Bd3 Ne4 17. Bxe4 dxe4 18. Rc4 Rxc4 19. Nxc4 f5 20. Ba3 1-0

[Event "GBR-ch111 Major Open"]
[Site "Liverpool"]
[Date "2025.08.10"]
[Round "9.17"]
[White "Welling, Zac"]
[Black "Waterfield, Mark B"]
[Result "1/2-1/2"]
[WhiteElo "1970"]
[BlackElo "1869"]
[PlyCount "107"]
[EventDate "2025.08.02"]
[EventType "swiss"]
[EventRounds "9"]
[EventCountry "GBR"]
[SourceTitle "BritBase"]
[Source "John Saunders"]
[SourceDate "2025.08.11"]
[SourceVersion "1"]
[SourceVersionDate "2025.08.11"]
[SourceQuality "1"]

1. e4 e6 2. d4 d5 3. Nd2 Nf6 4. e5 Nfd7 5. c3 c5 6. Bd3 Nc6 7. Ne2 cxd4 8. cxd4 f6 9. exf6 Nxf6 10. O-O Bd6 11. Nf3 Qc7 12. Bg5 O-O 13. Bh4 Bd7 14. Rc1 Be8 15. Bg3 Bh5 16. Ne5 Bxe5 17. Bxe5 Qb6 18. Qd2 Nxe5 19. dxe5 Nd7 20. Ng3 Bf7 21. Rce1 Rfc8 22. Kh1 Nf8 23. f4 g6 24. Qe2 Be8 25. Qg4 Kh8 26. Qg5 Qd8 27. Qh6 Qe7 28. Ne2 Rc7 29. Nd4 Rac8 30. a3 Qg7 31. Qh4 Qe7 32. Qh6 Qg7 33. Qh3 Qe7 34. g4 Qc5 35. Qe3 Qb6 36. Rf2 a6 37. f5 Bb5 38. Nxb5 Qxe3 39. Rxe3 axb5 40. f6 Rc5 41. Rf4 Nd7 42. Rd4 Nb6 43. Kg2 Nc4 44. Re2 Kg8 45. Kg3 Kf7 46. Kf4 h6 47. h4 R8c7 48. g5 h5 49. Kg3 Rc8 50. Kf4 R8c7 51. Rf2 Rc8 52. Rg2 Rg8 53. Rc2 Rgc8 54. Re2 1/2-1/2

[Event "GBR-ch111 Major Open"]
[Site "Liverpool"]
[Date "2025.08.10"]
[Round "9.18"]
[White "Nasiri, Fahim"]
[Black "Keely, Leo A"]
[Result "1/2-1/2"]
[WhiteElo "2252"]
[BlackElo "1906"]
[PlyCount "149"]
[EventDate "2025.08.02"]
[EventType "swiss"]
[EventRounds "9"]
[EventCountry "GBR"]
[SourceTitle "BritBase"]
[Source "John Saunders"]
[SourceDate "2025.08.11"]
[SourceVersion "1"]
[SourceVersionDate "2025.08.11"]
[SourceQuality "1"]

1. e4 c5 2. Nf3 d6 3. d4 cxd4 4. Nxd4 Nf6 5. Nc3 g6 6. Be3 Bg7 7. f3 O-O 8. Qd2 Nc6 9. O-O-O d5 10. exd5 Nxd5 11. Nxc6 bxc6 12. Bd4 Bxd4 13. Qxd4 Qb6 14. Na4 Qa5 15. b3 Nb6 16. Qc5 Qxc5 17. Nxc5 Nd5 18. c4 Ne3 19. Rd3 Nxf1 20. Rxf1 Bf5 21. Re3 Rfe8 22. Rfe1 Kf8 23. g4 Bc8 24. Kb2 a5 25. Kc3 Ra7 26. h3 Rd8 27. f4 Rd6 28. Rd3 Rxd3+ 29. Kxd3 h5 30. Rg1 hxg4 31. hxg4 Kg7 32. Ke3 Kf6 33. Kd4 Kg7 34. Rg2 Kf6 35. Rg1 Kg7 36. Ke4 Bxg4 37. Kd4 Bf5 38. Rg2 Ra8 39. Na4 Rd8+ 40. Kc5 Rd1 41. Rf2 f6 42. Nb6 e5 43. fxe5 fxe5 44. Kxc6 Re1 45. Nd5 e4 46. Kb6 e3 47. Rg2 Bh3 48. Rg3 e2 49. Nf4 Bf1 50. Nxg6 Kf6 51. Nf4 a4 52. Re3 Kf5 53. Nxe2 Bxe2 54. c5 Kf4 55. Rc3 Ke5 56. c6 Bg4 57. Rc4 axb3 58. axb3 Be6 59. Rc5+ Kd6 60. b4 Rh1 61. Rc2 Rh8 62. Rd2+ Ke7 63. b5 Rb8+ 64. Kc5 Rd8 65. Re2 Rd5+ 66. Kb6 Kd6 67. c7 Bd7 68. Rb2 Bc8 69. Rh2 Bd7 70. Rh6+ Ke7 71. Rh7+ Kd6 72. Rh6+ Ke7 73. Rc6 Bc8 74. Rh6 Rd6+ 75. Rxd6 1/2-1/2

[Event "GBR-ch111 Major Open"]
[Site "Liverpool"]
[Date "2025.08.10"]
[Round "9.19"]
[White "Wilkinson, Daniel"]
[Black "Jaunooby, Ali Reza"]
[Result "1-0"]
[WhiteElo "1889"]
[BlackElo "2082"]
[PlyCount "53"]
[EventDate "2025.08.02"]
[EventType "swiss"]
[EventRounds "9"]
[EventCountry "GBR"]
[SourceTitle "BritBase"]
[Source "John Saunders"]
[SourceDate "2025.08.11"]
[SourceVersion "1"]
[SourceVersionDate "2025.08.11"]
[SourceQuality "1"]

1. d4 Nf6 2. c4 c5 3. d5 e6 4. Nc3 exd5 5. cxd5 d6 6. e4 g6 7. f4 Bg7 8. Bb5+ Nfd7 9. a4 O-O 10. Nf3 Na6 11. O-O Nb4 12. Be3 a6 13. Bc4 Re8 14. Bf2 Qf6 15. Bg3 Nb6 16. Be2 Bg4 17. Bh4 g5 18. Bxg5 Qg6 19. Nh4 Bxe2 20. Qxe2 Bd4+ 21. Kh1 Qg7 22. Nf5 Qg6 23. Rf3 Bxc3 24. Ne7+ Rxe7 25. Bxe7 Bg7 26. Rg3 Qh6 27. Bg5 1-0

[Event "GBR-ch111 Major Open"]
[Site "Liverpool"]
[Date "2025.08.10"]
[Round "9.21"]
[White "Sugden, John N"]
[Black "Patel, Keatan"]
[Result "1/2-1/2"]
[WhiteElo "1920"]
[BlackElo "2041"]
[PlyCount "186"]
[EventDate "2025.08.02"]
[EventType "swiss"]
[EventRounds "9"]
[EventCountry "GBR"]
[SourceTitle "BritBase"]
[Source "John Saunders"]
[SourceDate "2025.08.11"]
[SourceVersion "1"]
[SourceVersionDate "2025.08.11"]
[SourceQuality "1"]

1. d4 d5 2. c4 e6 3. Nc3 Nf6 4. Bg5 c6 5. e3 Nbd7 6. cxd5 exd5 7. Bd3 h6 8. Bh4 Be7 9. Nf3 O-O 10. O-O Ne4 11. Bxe7 Qxe7 12. Bxe4 dxe4 13. Nd2 Nf6 14. Qc2 Re8 15. Rab1 h5 16. b4 Bf5 17. Rfc1 h4 18. b5 c5 19. dxc5 Qxc5 20. Ne2 Qe5 21. Qc7 Qd5 22. Nd4 Bd7 23. Qc4 Qg5 24. Qf1 Ng4 25. Rc3 Qe5 26. g3 hxg3 27. hxg3 Qf6 28. Rbc1 Re5 29. Rc5 Rae8 30. Qg2 b6 31. Rxe5 Rxe5 32. Rc7 Rh5 33. Nxe4 Qd8 34. Rc2 Bxb5 35. Qf3 Bd7 36. Qf4 Qe8 37. Nd6 Qe7 38. N6f5 Qf6 39. Qxg4 Rxf5 40. Nxf5 Bxf5 41. Qd1 Bxc2 42. Qxc2 g6 43. Qc8+ Kg7 44. Qa6 Qe7 45. Kf1 Qc7 46. Ke2 b5 47. Qxb5 Qc2+ 48. Kf3 Qxa2 49. Qe5+ Kh7 50. g4 Qb3 51. Qa5 Qb7+ 52. Kg3 a6 53. Qe5 Qb5 54. Qf6 Qc4 55. Qe5 Qa4 56. f4 Qd1 57. f5 Qg1+ 58. Kf3 Qh1+ 59. Kg3 Qc6 60. fxg6+ Qxg6 61. Qc5 Kg7 62. Kf3 Qf6+ 63. Kg3 Qe6 64. Kf4 Qh6+ 65. Kg3 Qf6 66. Qd5 Qe6 67. Qg5+ Kh7 68. Qh5+ Kg8 69. Qg5+ Qg6 70. Qc5 Qf6 71. Qd5 Qb6 72. Kf3 a5 73. Ke2 Kg7 74. Qg5+ Kf8 75. Qf4 Qb5+ 76. Kd2 a4 77. Qd6+ Ke8 78. Qd4 Qa5+ 79. Qc3 Qd5+ 80. Kc2 Qe4+ 81. Kb2 Qxg4 82. Ka3 Qd7 83. Qc4 Ke7 84. Qxa4 Qe6 85. Qd4 f5 86. Kb2 Kf7 87. Kc3 Kg6 88. Kd3 Qb3+ 89. Ke2 Qc2+ 90. Kf3 Qh2 91. Qb6+ Kg5 92. Qd8+ Kg6 93. Qg8+ Kf6 1/2-1/2

[Event "GBR-ch111 Major Open"]
[Site "Liverpool"]
[Date "2025.08.10"]
[Round "9.22"]
[White "Freeman, Luke"]
[Black "Ding, Yiwen"]
[Result "1-0"]
[WhiteElo "1963"]
[BlackElo "1844"]
[PlyCount "81"]
[EventDate "2025.08.02"]
[EventType "swiss"]
[EventRounds "9"]
[EventCountry "GBR"]
[SourceTitle "BritBase"]
[Source "John Saunders"]
[SourceDate "2025.08.11"]
[SourceVersion "1"]
[SourceVersionDate "2025.08.11"]
[SourceQuality "1"]

1. e4 c5 2. Nf3 d6 3. Bb5+ Bd7 4. Bxd7+ Nxd7 5. O-O Ngf6 6. Qe2 e6 7. c3 Be7 8. d4 cxd4 9. cxd4 O-O 10. Nc3 a6 11. Rd1 b5 12. e5 Ne8 13. d5 exd5 14. Nxd5 dxe5 15. a4 b4 16. Bf4 Bf6 17. Bxe5 Bxe5 18. Nxe5 Nxe5 19. Qxe5 Qb8 20. Qd4 a5 21. Nb6 Nf6 22. Nxa8 Qxa8 23. h3 h6 24. Rac1 Re8 25. Rc7 Re4 26. Qd3 Qe8 27. Rc4 Re1+ 28. Rxe1 Qxe1+ 29. Kh2 Qe5+ 30. g3 g6 31. Qd4 Qf5 32. Rc5 Qf3 33. Qf4 Qxf4 34. gxf4 Ne4 35. Rxa5 Nxf2 36. Rb5 Nd3 37. a5 Nxf4 38. a6 Ne6 39. a7 Nc7 40. Rb7 Na8 41. Rb8+ 1-0

[Event "GBR-ch111 Major Open"]
[Site "Liverpool"]
[Date "2025.08.10"]
[Round "9.23"]
[White "Brown, Tom"]
[Black "Richmond, Frank"]
[Result "1-0"]
[WhiteElo "1961"]
[BlackElo "1836"]
[PlyCount "99"]
[EventDate "2025.08.02"]
[EventType "swiss"]
[EventRounds "9"]
[EventCountry "GBR"]
[SourceTitle "BritBase"]
[Source "John Saunders"]
[SourceDate "2025.08.11"]
[SourceVersion "1"]
[SourceVersionDate "2025.08.11"]
[SourceQuality "1"]

1. d4 Nf6 2. Nf3 d5 3. c4 e6 4. Nc3 c6 5. cxd5 exd5 6. Qc2 g6 7. Bg5 Be7 8. e3 Bf5 9. Bd3 Bxd3 10. Qxd3 O-O 11. O-O Nbd7 12. Rab1 a5 13. a3 Re8 14. Qc2 b5 15. Ne2 Rc8 16. Nf4 h6 17. Bxf6 Bxf6 18. Nd3 Qe7 19. Rfc1 Rc7 20. Nc5 Nxc5 21. Qxc5 Qxc5 22. Rxc5 Be7 23. Rc2 Rec8 24. Rbc1 c5 25. dxc5 Rxc5 26. Rxc5 Rxc5 27. Rxc5 Bxc5 28. Kf1 Kf8 29. Ke2 Ke7 30. Kd3 Kd6 31. g4 a4 32. Nd4 Bxd4 33. exd4 Kc6 34. Kc3 Kc7 35. Kb4 Kb6 36. h4 f6 37. h5 gxh5 38. gxh5 Kc6 39. Ka5 Kd6 40. Kxb5 Ke6 41. Kc5 Kf5 42. Kxd5 Kg4 43. Ke6 Kxh5 44. d5 Kg4 45. d6 h5 46. d7 h4 47. d8=Q h3 48. Qg8+ Kf3 49. Qg3+ Ke2 50. Qxh3 1-0

[Event "GBR-ch111 Major Open"]
[Site "Liverpool"]
[Date "2025.08.10"]
[Round "9.24"]
[White "Lukhi, Neev"]
[Black "Schell, Finn"]
[Result "0-1"]
[WhiteElo "1869"]
[BlackElo "1956"]
[PlyCount "118"]
[EventDate "2025.08.02"]
[EventType "swiss"]
[EventRounds "9"]
[EventCountry "GBR"]
[SourceTitle "BritBase"]
[Source "John Saunders"]
[SourceDate "2025.08.11"]
[SourceVersion "1"]
[SourceVersionDate "2025.08.11"]
[SourceQuality "1"]

1. d4 d5 2. Bf4 Nf6 3. e3 e6 4. Nf3 c5 5. Nbd2 Nc6 6. c3 cxd4 7. exd4 Nh5 8. Be3 Bd6 9. Bd3 Nf4 10. Bxf4 Bxf4 11. O-O O-O 12. Re1 Bd6 13. Nb3 b6 14. Qe2 g6 15. Rad1 Re8 16. Bb5 Bd7 17. Bxc6 Bxc6 18. Ne5 Bb7 19. Qg4 Qf6 20. Rd3 Qf5 21. Qg3 Rf8 22. Rf3 Qh5 23. Qg4 Qxg4 24. Nxg4 Kg7 25. g3 h5 26. Ne5 f6 27. Nd3 Rfe8 28. Rfe3 Kf7 29. f4 a5 30. a3 Rac8 31. Kg2 Bc6 32. h3 Ba4 33. Nbc1 Bc2 34. R1e2 Bb1 35. Nb3 Bxd3 36. Rxd3 h4 37. Nd2 hxg3 38. Kxg3 g5 39. Nf3 gxf4+ 40. Kf2 Rg8 41. Nh2 Rg3 42. Rf3 Rh8 43. Nf1 Rxf3+ 44. Kxf3 Rxh3+ 45. Kg4 Rh8 46. Kf3 e5 47. Kg4 Rg8+ 48. Kh3 e4 49. c4 f5 50. cxd5 Rh8+ 51. Kg2 f3+ 52. Kf2 fxe2 53. Kxe2 f4 54. Nd2 Rh2+ 55. Ke1 f3 56. Nxe4 Re2+ 57. Kf1 Rxe4 58. b4 Bg3 59. bxa5 Re1# 0-1

[Event "GBR-ch111 Major Open"]
[Site "Liverpool"]
[Date "2025.08.10"]
[Round "9.25"]
[White "Rastogi, Nayan Keats"]
[Black "Cowan, Xavier"]
[Result "1-0"]
[WhiteElo "1948"]
[BlackElo "1854"]
[PlyCount "23"]
[EventDate "2025.08.02"]
[EventType "swiss"]
[EventRounds "9"]
[EventCountry "GBR"]
[SourceTitle "BritBase"]
[Source "John Saunders"]
[SourceDate "2025.08.11"]
[SourceVersion "1"]
[SourceVersionDate "2025.08.11"]
[SourceQuality "1"]

1. e4 c5 2. Nf3 d6 3. Bb5+ Nd7 4. d4 cxd4 5. Qxd4 Ngf6 6. Nc3 e6 7. Bg5 a6 8. Bxd7+ Bxd7 9. O-O-O h6 10. Bxf6 Qxf6 11. e5 dxe5 12. Qxd7# 1-0

[Event "GBR-ch111 Major Open"]
[Site "Liverpool"]
[Date "2025.08.10"]
[Round "9.26"]
[White "Lee, Yuk Hei"]
[Black "Zhu, Pengxiao"]
[Result "0-1"]
[WhiteElo "1868"]
[BlackElo "1938"]
[PlyCount "90"]
[EventDate "2025.08.02"]
[EventType "swiss"]
[EventRounds "9"]
[EventCountry "GBR"]
[SourceTitle "BritBase"]
[Source "John Saunders"]
[SourceDate "2025.08.11"]
[SourceVersion "1"]
[SourceVersionDate "2025.08.11"]
[SourceQuality "1"]

1. d4 Nf6 2. Nc3 d5 3. Bf4 c5 4. e4 Nxe4 5. Nxe4 dxe4 6. dxc5 Qa5+ 7. c3 Qxc5 8. Qa4+ Nc6 9. Qxe4 g6 10. Nf3 Bg7 11. Qe3 Qxe3+ 12. Bxe3 O-O 13. Be2 Bf5 14. O-O Rad8 15. Rad1 e5 16. h3 Be6 17. Nd2 f5 18. Bc4 Kf7 19. Rfe1 b6 20. a4 f4 21. Bxf4 Bxc4 22. Bg5 Bd3 23. Bxd8 Rxd8 24. Ne4 Bxe4 25. Rxd8 Nxd8 26. Rxe4 Ke6 27. b4 Nf7 28. f3 Nd6 29. Re1 e4 30. Re3 Bh6 31. Re2 e3 32. Kf1 Kd5 33. Rc2 Kc4 34. Ke2 Nf5 35. a5 Ng3+ 36. Ke1 b5 37. a6 Bg7 38. f4 Bxc3+ 39. Rxc3+ Kxc3 40. h4 e2 41. h5 Kd3 42. hxg6 hxg6 43. f5 Ke3 44. f6 Nh1 45. f7 Nf2 0-1

[Event "GBR-ch111 Major Open"]
[Site "Liverpool"]
[Date "2025.08.10"]
[Round "9.27"]
[White "Bennett, Max"]
[Black "Sharma, Josh"]
[Result "1/2-1/2"]
[WhiteElo "1852"]
[BlackElo "1925"]
[PlyCount "57"]
[EventDate "2025.08.02"]
[EventType "swiss"]
[EventRounds "9"]
[EventCountry "GBR"]
[SourceTitle "BritBase"]
[Source "John Saunders"]
[SourceDate "2025.08.11"]
[SourceVersion "1"]
[SourceVersionDate "2025.08.11"]
[SourceQuality "1"]

1. f4 Nf6 2. Nf3 g6 3. d3 d5 4. e3 Bg7 5. Be2 c5 6. O-O Nc6 7. Ne5 Qc7 8. Nxc6 Qxc6 9. Nc3 O-O 10. a4 Rd8 11. Bf3 Rb8 12. Qe1 Bg4 13. e4 Bxf3 14. Rxf3 dxe4 15. dxe4 b6 16. e5 Nd5 17. Bd2 Nxc3 18. Bxc3 e6 19. Qe2 Rd5 20. Qb5 Qd7 21. Rff1 Rd8 22. Qxd7 R8xd7 23. b3 a6 24. g3 h5 25. Kg2 Bf8 26. Kf3 Be7 27. Rfc1 Kg7 28. Re1 Kg8 29. Re2 1/2-1/2

[Event "GBR-ch111 Major Open"]
[Site "Liverpool"]
[Date "2025.08.10"]
[Round "9.28"]
[White "Hughes, Padraig"]
[Black "Sanada, Tetsuaki"]
[Result "1/2-1/2"]
[WhiteElo "1877"]
[BlackElo "2021"]
[PlyCount "184"]
[EventDate "2025.08.02"]
[EventType "swiss"]
[EventRounds "9"]
[EventCountry "GBR"]
[SourceTitle "BritBase"]
[Source "John Saunders"]
[SourceDate "2025.08.11"]
[SourceVersion "1"]
[SourceVersionDate "2025.08.11"]
[SourceQuality "1"]

1. e4 c5 2. Nf3 d6 3. d4 cxd4 4. Nxd4 Nf6 5. f3 e5 6. Nb3 Be7 7. c4 a5 8. Be3 a4 9. N3d2 Qa5 10. Be2 Be6 11. O-O O-O 12. Nc3 a3 13. Qc2 Nc6 14. Rab1 Bd8 15. Nb3 Qc7 16. Nb5 Qb8 17. Nxa3 Nd7 18. Rfd1 Bb6 19. Qd2 Qa7 20. Bxb6 Qxb6+ 21. Kh1 Nc5 22. Qe3 Rfd8 23. Nc1 Nd4 24. Rd2 f5 25. Nc2 Nxe2 26. Qxe2 fxe4 27. fxe4 Qc6 28. Nb4 Qxe4 29. Qxe4 Nxe4 30. Re2 Bf5 31. Ra1 Rf8 32. Nd5 Rf7 33. Nb3 Raf8 34. Rf1 Bg4 35. Rxf7 Rxf7 36. Re1 Nf2+ 37. Kg1 Nd3 38. Rb1 Be6 39. Ne3 Rf4 40. Nd2 Rf2 41. Rd1 Re2 42. Ndf1 e4 43. Rd2 Re1 44. b3 Kf7 45. Rd1 Re2 46. Rd2 Re1 47. Rd1 Rxd1 48. Nxd1 Kf6 49. Nf2 Ke5 50. Ng3 d5 51. cxd5 Bxd5 52. Nxd3+ exd3 53. Kf2 Kd4 54. Nf5+ Kc3 55. Ne3 Be4 56. Ke1 d2+ 57. Ke2 Bd3+ 58. Kd1 Bb1 59. Nd5+ Kb2 60. Kxd2 Bxa2 61. Nf4 Bxb3 62. Nh5 g6 63. Nf6 h5 64. g4 hxg4 65. Nxg4 b5 66. Ne5 Bc2 67. Nc6 Be4 68. Nd4 b4 69. Ke3 Bb1 70. Kf4 Kc3 71. Ke5 Kd3 72. Nb3 Ke3 73. Nd4 Kf2 74. Kf4 Ba2 75. Nf3 b3 76. Ne5 Ke2 77. Nc4 Kd3 78. Nb2+ Kc2 79. Na4 b2 80. Nxb2 Kxb2 81. Kg5 Bf7 82. Kf6 Be8 83. Ke7 Bc6 84. Kf6 Be8 85. h4 Kc3 86. Ke7 Bc6 87. Kf6 Be8 88. Ke7 Kd4 89. Kxe8 Ke5 90. Kf7 Kf5 91. Kg7 Kg4 92. Kxg6 Kxh4 1/2-1/2

[Event "GBR-ch111 Major Open"]
[Site "Liverpool"]
[Date "2025.08.10"]
[Round "9.29"]
[White "Vashisht-Pigem, Raman"]
[Black "Keerthi Kumar, Advait"]
[Result "1-0"]
[WhiteElo "1981"]
[BlackElo "1878"]
[PlyCount "87"]
[EventDate "2025.08.02"]
[EventType "swiss"]
[EventRounds "9"]
[EventCountry "GBR"]
[SourceTitle "BritBase"]
[Source "John Saunders"]
[SourceDate "2025.08.11"]
[SourceVersion "1"]
[SourceVersionDate "2025.08.11"]
[SourceQuality "1"]

1. e4 Nf6 2. e5 Nd5 3. d4 d6 4. c4 Nb6 5. exd6 cxd6 6. Nf3 Bg4 7. h3 Bxf3 8. Qxf3 Nc6 9. Be3 g6 10. Nc3 Bg7 11. Rd1 Rc8 12. Be2 O-O 13. O-O Qc7 14. c5 Na8 15. Nb5 Qd7 16. Rfe1 d5 17. a3 Rfd8 18. Nc3 Nc7 19. b4 a6 20. Qg3 Qe8 21. Bg4 f5 22. Bf3 Qf7 23. Bf4 Nxd4 24. Bxc7 Nxf3+ 25. Qxf3 Bxc3 26. Bxd8 Bxe1 27. Bb6 Bxf2+ 28. Kxf2 e6 29. Re1 Qf6 30. Qe3 Re8 31. Qe5 Qh4+ 32. Kg1 g5 33. c6 bxc6 34. Bd4 Qh6 35. Rc1 g4 36. Rxc6 gxh3 37. Qh8+ Kf7 38. Rc7+ Re7 39. Rc8 h2+ 40. Kh1 Kg6 41. Rg8+ Kh5 42. g4+ Kh4 43. Bf2+ Kh3 44. Qc3+ 1-0

[Event "GBR-ch111 Major Open"]
[Site "Liverpool"]
[Date "2025.08.10"]
[Round "9.30"]
[White "Liu, Jacob"]
[Black "Mokhber-Garcia, Sebastian"]
[Result "1/2-1/2"]
[WhiteElo "1859"]
[BlackElo "1962"]
[PlyCount "61"]
[EventDate "2025.08.02"]
[EventType "swiss"]
[EventRounds "9"]
[EventCountry "GBR"]
[SourceTitle "BritBase"]
[Source "John Saunders"]
[SourceDate "2025.08.11"]
[SourceVersion "1"]
[SourceVersionDate "2025.08.11"]
[SourceQuality "1"]

1. e4 e5 2. Nf3 Nc6 3. Bc4 Nf6 4. Ng5 d5 5. exd5 Na5 6. Bb5+ c6 7. dxc6 bxc6 8. Bd3 Bd6 9. O-O O-O 10. Re1 h6 11. Nf3 Re8 12. Nc3 Nh5 13. Ne4 Nf4 14. Nxd6 Qxd6 15. Bf1 Qg6 16. g3 Bg4 17. d4 Qh5 18. Bxf4 Bxf3 19. Be2 exf4 20. Bxf3 Rxe1+ 21. Qxe1 Qxf3 22. Qxa5 fxg3 23. hxg3 Rb8 24. Qa3 Qxa3 25. bxa3 Rb2 26. c4 Rd2 27. Re1 Rxd4 28. Re8+ Kh7 29. Re7 Rxc4 30. Rxa7 Kg6 31. Kg2 1/2-1/2